U.S. grain standards act amendments of 1975 : hearings before the Committee on Agriculture, House of Representatives, Ninety-fourth Congress, first session, on H.R. 9467 and similar bills ...

Bibliographic Details
Corporate Authors: United States. Congress. House. Committee on Agriculture, ProQuest (Firm)
Format: Government Document eBook
Language:English
Published: Washington : U.S. Govt. Print. Off, 1975.
Series:U.S. Congressional Hearings.
Subjects:
Online Access:Connect to the full text of this electronic book

MARC

Tag First Indicator Second Indicator Subfields
LEADER 00000cam a22000001a 4500
001 in00003200213
005 20190404174715.0
006 m d f
007 cr bn mmmapmmp
008 090922s1975 dcu o f000 0 eng d
035 |a cis2007440531 
040 |a UMI  |c UMI  |d UtOrBLW 
043 |a n-us--- 
086 0 |a Y 4.Ag 8/1:G 76/17 
099 |a HRG-1975-HAG-0015 
110 1 |a United States.  |b Congress.  |b House.  |b Committee on Agriculture. 
245 1 0 |a U.S. grain standards act amendments of 1975 :  |b hearings before the Committee on Agriculture, House of Representatives, Ninety-fourth Congress, first session, on H.R. 9467 and similar bills ... 
264 1 |a Washington :  |b U.S. Govt. Print. Off,  |c 1975. 
300 |a 1 online resource. 
336 |a text  |b txt  |2 rdacontent 
337 |a computer  |b c  |2 rdamedia 
338 |a online resource  |b cr  |2 rdacarrier 
500 |a Record is based on bibliographic data in ProQuest Congressional Hearings Digital Collection. Reuse except for individual research requires license from ProQuest, LLC. 
538 |a System requirements: PDF reader software. 
500 |a Electronic resource. 
650 0 |a Grain trade  |x Law and legislation  |z United States. 
655 7 |a Electronic books.  |2 local 
710 2 |a ProQuest (Firm) 
776 0 8 |i Print version:  |a United States. Congress. House. Committee on Agriculture.  |t U.S. grain standards act amendments of 1975  |w (DLC)76600548 
776 0 8 |i Microfiche version:  |a United States. Congress. House. Committee on Agriculture.  |t U.S. grain standards act amendments of 1975.  |d [Bethesda, Md.] : ProQuest,[2004]  |o CIS 76 H161-5  |w (ProQuest)cis07600256 
830 0 |a U.S. Congressional Hearings. 
856 4 0 |u http://proxy.library.tamu.edu/login?url=http://congressional.proquest.com/congcomp/getdoc?HEARING-ID=HRG-1975-HAG-0015  |z Connect to the full text of this electronic book  |t 0 
998 |a cis07600256 
999 |a MARS 
999 f f |s e7d2069e-9034-3fe8-86da-a5d5afc53414  |i f9b13287-5106-3a2f-9b75-5217126a7b7a  |t 0 
952 f f |a Texas A&M University  |b College Station  |c Electronic Resources  |d Available Online  |t 0  |e HRG-1975-HAG-0015  |h Other scheme 
998 f f |a HRG-1975-HAG-0015  |t 0  |l Available Online